00645nam a22001697a 4500010001300000020001400013035001300027037001800040040001200058082001700070245007300087300005300160505019900213650002900412650001600441700001800457 aA-996539 a817099757 aA-996539 bCen Lib / Ret aDPLbEN a371.403bENC aEncyclopaedia of guidance and counselling /cedited by K. S. Lakshmi a4 v. (v 1. 283 ; v 3. 283 ; v 4. 278p)b24cm(Hb) a4 v. ; v 1. Strategies for guidance and counselling ; v 2. Educational guidance and counselling.(not available) ; v 3. Social guidance and counselling ;v. 4. Personal and vocational counselling. aEducational counseling.  aCounseling. aK. S. Lakshmi